Colossian and Philemon studies: (Record no. 5913)

000 -LEADER
fixed length control field 00743nam a2200205 a 4500
001 - CONTROL NUMBER
control field :::00003656$&:&@@
003 - CONTROL NUMBER IDENTIFIER
control field OkBaRHE
005 - DATE AND TIME OF LATEST TRANSACTION
control field 20100401125101.0
008 - FIXED-LENGTH DATA ELEMENTS--GENERAL INFORMATION
fixed length control field s1962 j 000 0 eng u
040 ## - CATALOGING SOURCE
Transcribing agency
100 1# - MAIN ENTRY--PERSONAL NAME
Personal name Moule, H. C. G. (Handley Carr Glyn), 1841-1920.
245 10 - TITLE STATEMENT
Title Colossian and Philemon studies:
Remainder of title lessons in faith and holiness.
260 ## - PUBLICATION, DISTRIBUTION, ETC. (IMPRINT)
Place of publication, distribution, etc Westwood, NJ., :
Name of publisher, distributor, etc Fleming H. Revell Company
Date of publication, distribution, etc 1962
300 ## - PHYSICAL DESCRIPTION
Extent xi, 318 p. ;
Dimensions 22 cm.
650 ## - SUBJECT ADDED ENTRY--TOPICAL TERM
Topical term or geographic name as entry element Bible New Testament Colossians
General subdivision Commentaries
650 ## - SUBJECT ADDED ENTRY--TOPICAL TERM
Topical term or geographic name as entry element Bible New Testament Philemon
General subdivision Commentaries
730 ## - ADDED ENTRY--UNIFORM TITLE
Uniform title Colossian studies
942 ## - ADDED ENTRY ELEMENTS (KOHA)
Source of classification or shelving scheme
Koha item type Books
Copies
Withdrawn status Full call number Koha item type Barcode Date acquired Permanent Location Damaged status Price effective from Shelving location Copy number Source of classification or shelving scheme Date last seen Lost status Not for loan
 BS 2715 .M63 1962Books36562010-04-14RHEMA Bible Training College 2010-04-14General Stacks1 2018-04-03